000
00276nam a22001097a 4500
082
_a
133/ALP
100
_a
Alpheus,A.
_9
83995
245
_a
Mesmerism mind reading and spiritualism
260
_a
Panchkula(haryana)
_b
Better books
_c
2022
650
_a
Mesmerism
_9
83996
942
_c
BK
999
_c
69013
_d
69013